| 000 | 00657nam a2200205Ia 4500 | ||
|---|---|---|---|
| 001 | 14890 | ||
| 003 | GE_BSU | ||
| 008 | 181216s||||||||xx |||||||||||||| ||und|| | ||
| 040 | _cGE_BSU | ||
| 080 | _a517+54 | ||
| 100 | _aБатунер, Л.М.,Позин, М.Е. | ||
| 245 | _aМатематические методы в химической технике. | ||
| 245 | _cпод. общ. ред. М.Е.Позина. | ||
| 260 | _aЛенинград. | ||
| 260 | _bгостехиздат. | ||
| 260 | _c1955 | ||
| 300 | _a481 стр. 23см. | ||
| 653 | _aМатематические методы в химической технике. | ||
| 942 | _cBK | ||
| 999 |
_c48010 _d48010 |
||